All 5k+ cities in Rhode Island on a map - Statistics

General Stats
  • This quiz has been taken 29 times
  • The average score is 12 of 36
Answers on the Map
Answers color-coded by a green-red scale on the quiz's map according to % correct below.
 
Answer Stats
City Population % Correct
Providence 190,934
100%
Newport 25,163
78%
Pawtucket 75,604
78%
Warwick 82,823
78%
East Providence 47,139
72%
Cranston 82,934
67%
North Providence 34,114
56%
Woonsocket 43,240
50%
Bristol 22,493
44%
Central Falls 22,583
44%
South Kingstown 31,931
39%
North Kingstown 27,732
33%
West Warwick 31,012
33%
Johnston 29,568
28%
Lincoln 22,529
28%
Smithfield 22,118
28%
Barrington 17,153
22%
Charlestown 7,997
22%
Glocester 9,974
22%
North Smithfield 12,588
22%
Portsmouth 17,871
22%
Burrillville 16,158
17%
Coventry 35,688
17%
East Greenwich 14,312
17%
Exeter 6,460
17%
Jamestown 5,559
17%
Narragansett 14,532
17%
Scituate 10,384
17%
Tiverton 16,359
17%
Westerly 23,359
17%
West Greenwich 6,528
17%
Cumberland 36,405
11%
Hopkinton 8,398
11%
Middletown 17,075
11%
Richmond 8,020
11%
Warren 11,147
11%
No matching quizzes found
Score Distribution
Percent of People with Each Score
Percentile by Number Answered
Your Score History
You have not taken this quiz